000 00473nam a2200193Ia 4500
008 151121s9999||||xx |||||||||||||| ||und||
082 _a500/Vev
082 _bHNW-50878
100 _aVevers H। G।
245 4 _aThe British Seashore
260 _bThe Scientific Book Club
260 _c--
300 _a160
600 _aVevers H। G।
630 _aThe British Seashore
700 _aVevers H। G।
730 _aThe British Seashore
942 _cBOOK
999 _c1235388
_d1235385